Hide and Seek - Countries #14 - Statistics

General Stats
  • This quiz has been taken 18 times
  • The average score is 8 of 12
Answer Stats
Answer % Correct
Vatican City
89%
San Marino
83%
Andorra
78%
Monaco
78%
Saint Kitts and Nevis
78%
Liechtenstein
72%
Nauru
72%
Tuvalu
72%
Palau
67%
Dominica
61%
Marshall Islands
44%
They all have a population under 100000.
11%
No matching quizzes found
Score Distribution
Percent of People with Each Score
Percentile by Number Answered
Your Score History
You have not taken this quiz